| 000 | 00551nam a22001577a 4500 | ||
|---|---|---|---|
| 003 | NUST | ||
| 038 | _aNusrat Nadeem | ||
| 082 | _a200 | ||
| 100 |
_aKHAN, USAMA _921086 |
||
| 245 |
_aPakistan’s Upgradation from GSP to GSP+ in European Union’s Preferential Trade Structure and its Impacts on Export Performance/ _cUSAMA KHAN, |
||
| 264 |
_aIslamabad: _bS3H NUST. _c2025. |
||
| 650 |
_aMS- Economics _9123068 |
||
| 700 |
_aSupervisor: Dr. Zafar Mahmood _9123161 |
||
| 856 | _uhttp://10.250.8.41:8080/xmlui/handle/123456789/54403 | ||
| 942 |
_2ddc _cSC |
||
| 999 |
_c614693 _d614693 |
||